000 00439nam a2200145Ia 4500
008 100204s9999 xx 000 0 und d
082 _b9803
100 _aथोरे अशोक श्रीधर
245 _aअज्ञात
260 _b"रावजी प्रकाशन , डोंबिवली"
_c1987
300 _a179
630 _aअज्ञात
730 _aअज्ञात
942 _cBOOK
999 _c454239
_d454236